00238nam a2200097Ia 4500008004100000100001900041245003400060260003000094300000800124650000800132191201s2009 xx 000 0 und d aDHUNNA, Mukesh 0aComputer Network and Internet aN. delhibVayu Edu.c2009 a353 aMBA